MARC details
| 000 -CABECERA |
| campo de control de longitud fija |
01147cam a2200289 a 4500 |
| 001 - NÚMERO DE CONTROL |
| campo de control |
000015465 |
| 005 - FECHA Y HORA DE LA ÚLTIMA TRANSACCIÓN |
| campo de control |
20200929164041.0 |
| 008 - DATOS DE LONGITUD FIJA--INFORMACIÓN GENERAL |
| campo de control de longitud fija |
761222s1907 sp 000 0 spa |
| 040 ## - FUENTE DE LA CATALOGACIÓN |
| Centro catalogador/agencia de origen |
DO-SdBNP |
| Lengua de catalogación |
spa |
| Centro/agencia transcriptor |
DLC |
| Centro/agencia modificador |
BNPHU |
| 041 17 - CÓDIGO DE LENGUA |
| Código de lengua del texto/banda sonora o título independiente |
spa |
| Código de lengua original |
fre |
| Fuente del código |
Código de idioma MARC |
| 082 ## - NÚMERO DE LA CLASIFICACIÓN DECIMAL DEWEY |
| Número de clasificación |
860.9 |
| Número de documento/Ítem |
R866m |
| 049 ## - FONDOS LOCALES (OCLC) |
| Fondos de biblioteca |
BNGR |
| 100 1# - ENTRADA PRINCIPAL--NOMBRE DE PERSONA |
| Nombre de persona |
Rousselot, Paul, |
| Fechas asociadas al nombre |
b. 1833. |
| 9 (RLIN) |
34931 |
| 245 14 - MENCIÓN DE TÍTULO |
| Título |
Los místicos españoles : |
| Resto del título |
Malón de Chaide, Juan de Ávila - Luis de Granada - Luis de León - Santa Teresa - San Juan de la Cruz y su grupo / |
| Mención de responsabilidad, etc. |
Pablo Rousselet ; versión española Pedro Umbert. |
| 260 ## - PUBLICACIÓN, DISTRIBUCIÓN, ETC. |
| Lugar de publicación, distribución, etc. |
Barcelona, (España) : |
| Nombre del editor, distribuidor, etc. |
Henrich, |
| Fecha de publicación, distribución, etc. |
1907. |
| 300 ## - DESCRIPCIÓN FÍSICA |
| Extensión |
246 p. ; |
| Dimensiones |
19 cm. |
| 490 1# - MENCIÓN DE SERIE |
| Mención de serie |
Biblioteca de Escritores Contemporáneos. |
| 650 #4 - PUNTO DE ACCESO ADICIONAL DE MATERIA--TÉRMINO DE MATERIA |
| Término de materia o nombre geográfico como elemento de entrada |
Misticismo |
| 9 (RLIN) |
14358 |
| 650 #4 - PUNTO DE ACCESO ADICIONAL DE MATERIA--TÉRMINO DE MATERIA |
| Término de materia o nombre geográfico como elemento de entrada |
Literatura española |
| 9 (RLIN) |
632 |
| 600 14 - PUNTO DE ACCESO ADICIONAL DE MATERIA--NOMBRE DE PERSONA |
| Nombre de persona |
MALÓN DE CHAIDE, |
| Fechas asociadas al nombre |
1530-1589. |
| 9 (RLIN) |
34932 |
| 600 14 - PUNTO DE ACCESO ADICIONAL DE MATERIA--NOMBRE DE PERSONA |
| Nombre de persona |
ÁVILA JUAN DE, |
| Fechas asociadas al nombre |
1499?-1569. |
| 9 (RLIN) |
34933 |
| 600 14 - PUNTO DE ACCESO ADICIONAL DE MATERIA--NOMBRE DE PERSONA |
| Nombre de persona |
GRANADA, LUIS DE, |
| Fechas asociadas al nombre |
1504-1588. |
| 9 (RLIN) |
34934 |
| 600 14 - PUNTO DE ACCESO ADICIONAL DE MATERIA--NOMBRE DE PERSONA |
| Nombre de persona |
LEON, LUIS DE, |
| Fechas asociadas al nombre |
1527-1591. |
| 9 (RLIN) |
34935 |
| 700 1# - PUNTO DE ACCESO ADICIONAL--NOMBRE DE PERSONA |
| Nombre de persona |
Umbert, Pedro, |
| Término indicativo de función/relación |
tr. |
| 9 (RLIN) |
34936 |
| 830 #0 - PUNTO DE ACCESO ADICIONAL DE SERIE-TÍTULO UNIFORME |
| Título uniforme |
Biblioteca de Escritores Contemporáneos. |
| 9 (RLIN) |
34937 |
| 910 ## - DATOS DE OPCIÓN DEL USUARIO (OCLC) |
| Datos de opción del usuario |
Catalogación por copia / LC |